El hombre en el espacio y en el tiempo (Record no. 97481)

MARC details
000 -LEADER
campo de control de longitud fija 00803nam a2200205 i 4500
001 - NÚMERO DE CONTROL
campo de control 97481
003 - IDENTIFICADOR DE NÚMERO DE CONTROL
campo de control ES-MaACL
005 - FECHA Y HORA DE LA ÚLTIMA TRANSACCIÓN
campo de control 20250822012743.0
007 - CAMPO FIJO DE DESCRIPCIÓN FÍSICA--INFORMACIÓN GENERAL
campo de control de longitud fija t|
008 - DATOS DE LONGITUD FIJA--INFORMACIÓN GENERAL
campo de control de longitud fija 050712s1962 sp ||||1| spa d
100 1# - ENTRADA PRINCIPAL--NOMBRE DE PERSONA
Nombre de persona Marcozzi, Vittorio.
9 (RLIN) 76549
245 13 - MENCIÓN DEL TÍTULO
Título El hombre en el espacio y en el tiempo
Resto del título : (esquemas de Antropología) /
Mención de responsabilidad, etc. Vittorio Marcozzi; traducción de Don Antonio Alvarez de Linera; revisada y puesta al día por el Dr. Don Miguel Fuste; presentación del Dr. Don Santiago Alcobe.
260 ## - PUBLICACIÓN, DISTRIBUCIÓN, ETC.
Lugar de publicación, distribución, etc. Madrid :
Nombre del editor, distribuidor, etc. Studium,
Fecha de publicación, distribución, etc. 1962.
300 ## - DESCRIPCIÓN FÍSICA
Extensión XVI, 634 p. :
Otras características físicas il. ;
Dimensiones 22 cm.
700 1# - ENTRADA AGREGADA--NOMBRE PERSONAL
Nombre de persona Álvarez de Linera, Antonio,
Fechas asociadas al nombre 1888-1961
9 (RLIN) 149717
700 1# - ENTRADA AGREGADA--NOMBRE PERSONAL
Nombre de persona Fusté Ara, Miguel.
9 (RLIN) 150522
700 1# - ENTRADA AGREGADA--NOMBRE PERSONAL
Nombre de persona Alcobe, Santiago.
9 (RLIN) 19555
852 ## - LOCALIZACIÓN
Ubicación ES-MaACL
Número de control de estantería C-21384
Sublocalización o colección R.49872
Holdings
Estatus retirado Estado de pérdida Estado de daño No para préstamo Biblioteca de origen Biblioteca actual Ubicación en estantería Fecha de adquisición Fuente de adquisición Total de préstamos Signatura topográfica completa Código de barras Visto por última vez Precio de reemplazo Tipo de ítem Koha
        Biblioteca del Ateneo de Madrid Biblioteca del Ateneo de Madrid Galería 17/01/2008     C-21384 1101764 23/02/2023 23/02/2023 Libro impreso